000 00554nam a2200193 a 4500
001 1766566528118
003 YourLibrary
005 20251226115021.0
008 251224s2005##################000#0#eng##
020 _a9780520241800
082 0 4 _a282.092
_bSEP
100 1 _aSepinwall, Alyssa Goldstein,
_eauthor.
245 1 0 _aThe Abbé Grégoire and the French Revolution :
260 _bUniv of California Press,
_c2005.
300 _a354 pages
650 0 _aBiography & Autobiography.
942 _cENGLISH
040 _aYourLibrary
_beng
_cYourLibrary
999 _c604715
_d604715